Painters by Important Work Quiz Stats

 Plays Quiz Updated Mar 1, 2013

Also try: Artist by Painting
Challenge
Share
Tweet
Embed
Score 0/101 Timer 15:00
0 Plays Today
Years Painter % Correct
1452-1519Leonardo Da Vinci
94.5%
1881-1973Pablo Picasso
88.9%
1840-1926Claude Monet
87.6%
1475-1564Michelangelo Buonarroti
85.5%
1853-1890Vincent Van Gogh
82.2%
1832-1883Edouard Manet
75.7%
1928-1987Andy Warhol
66.3%
1904-1989Salvador Dalí
64.8%
1606-1669Rembrandt Van Rijn
64.1%
1483-1520Raphael
60%
1863-1944Edvard Munch
58.5%
1445-1510Sandro Botticelli
51.7%
1839-1906Paul Cezanne
49.5%
1912-1956Jackson Pollock
49.2%
1632-1675Jan Vermeer
49.2%
1841-1919Pierre-Auguste Renoir
48.4%
1862-1918Gustav Klimt
44.3%
1746-1828Francisco de Goya
43.7%
1834-1917Edgar Degas
43.5%
1856-1921James McNeill Whistler
42.1%
1859-1891Georges Seurat
40.6%
1869-1954Henri Matisse
40.3%
1848-1903Paul Gauguin
40.3%
1599-1660Diego Velazquez
39.5%
1541-1614El Greco
38.3%
1775-1881Joseph Mallord William Turner
37.7%
1390-1441Jan Van Eyck
37.1%
1882-1967Edward Hopper
36.9%
1571-1610Caravaggio
36.7%
1748-1825Jacques-Louis David
34.7%
c.1476-1576Titian
34.6%
1872-1944Piet Mondrian
33.5%
1450-1516Hieronymus Bosch
33.3%
1577-1640Peter Paul Rubens
31.9%
Years Painter % Correct
1798-1863Eugene Delacroix
31.7%
1887-1986Georgia O'Keeffe
31.5%
1471-1528Albrecht Durer
31.4%
1866-1944Wassily Kandinsky
31.3%
1907-1954Frieda Kahlo
29.6%
1887-1985Marc Chagall
27.2%
1887-1968Marcel Duchamp
26.7%
c.1267-1337Giotto Di Bondone
25.8%
1923-1997Roy Lichtenstein
25.4%
1903-1970Mark Rothko
25.4%
1497-1543Hans Holbein the Younger
25.3%
1898-1967Rene Magritte
25.2%
1776-1837John Constable
25.2%
1528-1569Pieter Bruegel the Elder
23.8%
1879-1940Paul Klee
23.3%
born 1930-Jasper Johns
23%
1893-1983Joan Miro
22.5%
1909-1992Francis Bacon
21%
1791-1824Theodore Gericault
20.5%
1882-1963Georges Braque
19.5%
1819-1877Gustave Courbet
19.5%
1780-1867Jean-Auguste-Dominique Ingres
19.5%
1836-1910Winslow Homer
18.2%
1697-1764William Hogarth
17.8%
1594-1665Nicolas Poussin
16.9%
1814-1875Jean Francois Millet
16.8%
1757-1827William Blake
16.5%
c.1580-1666Frans Hals
16.5%
1518-1594Tintoretto
16.5%
born 1937-David Hockney
16.4%
1904-1997Willem De Kooning
15.7%
1401-1428Tomasso Masaccio
15.4%
1774-1840Caspar David Friedrich
15.3%
1960-1988Jean-Michel Basquiat
15.2%
Years Painter % Correct
1878-1935Kazimir Malevich
14.6%
1597-1654Artemisia Gentileschi
13.9%
1884-1920Amedeo Modigliani
13.9%
1684-1721Jean-Antione Watteau
13.6%
1387-1455Fra Angelico
13.5%
1880-1916Franz Marc
13.5%
1891-1976Max Ernst
13.4%
1478-1510Giorgione
12.7%
1416-1492Piero Della Francesca
12.2%
1826-1900Frederick Edwin Church
12.2%
1397-1475Paolo Uccello
11.8%
1431-1506Andrea Mantegna
11.6%
1796-1875Camille Corot
11.3%
1882-1916Umberto Boccioni
10.2%
1828-1882Dante Gabriel Rossetti
10.2%
1399-1464Rogier Van Der Weyden
10.1%
c.1240-1302Cimabue
9.9%
1890-1918Egon Schiele
9.8%
born 1932-Gerhard Richter
9.6%
c.1255-1318Duccio da Buonisegna
9.6%
1888-1978Giorgio De Chirico
9.4%
1593-1652Georges De La Tour
9.1%
1284-1344Simone Martini
8.9%
1881-1955Fernand Leger
8.8%
1860-1949James Ensor
8.8%
1905-1948Arshile Gorky
8.7%
1826-1898Gustave Moreau
8.4%
1600-1682Claude Lorrain
8.2%
1899-1968Lucio Fontana
8.1%
1435-1949Hans Memling
7.2%
1890-1941El Lissitzky
6.7%
1598-1664Francisco De Zurbaran
6.5%
1480-1524Joachim Patinir
6.3%

You're not logged in!

Compare scores with friends on all Sporcle quizzes.
Join for Free
OR
Log In

You Might Also Like...

Show Comments

Extras

Top Quizzes Today


Score Distribution

Your Account Isn't Verified!

In order to create a playlist on Sporcle, you need to verify the email address you used during registration. Go to your Sporcle Settings to finish the process.

Report this User

Report this user for behavior that violates our Community Guidelines.

Details: